| 000 | 01083nam a22002415a 4500 | ||
|---|---|---|---|
| 999 |
_c27088 _d27060 |
||
| 003 | EG-ScBUE | ||
| 005 | 20190206140141.0 | ||
| 008 | 190206s2009 ua frb 000 0 ara d | ||
| 040 |
_aEG-ScBUE _bara _cEG-ScBUE _dEG-ScBUE |
||
| 043 | _af-ua--- | ||
| 082 | 0 | 4 |
_a345.6205 _bس ا ل _222 |
| 100 | 1 | _aسالم، نبيل مدحت. | |
| 245 | 1 | 0 |
_aشرح قانون الإجراءات الجنائية : _bمزودا بأحدث التعديلات التشريعية و أوجه الدفاع الهامة و الدفوع الجوهرية و أحكام محكمة النقض حتى عام 2009 / _cتأليف نبيل مدحت سالم. |
| 260 |
_a[القاهرة] : _bنادي القضاة، _c2009. |
||
| 300 |
_a3 مج. ؛ _c24 سم. |
||
| 504 | _aيشتمل على إرجاعات ببليوجرافية. | ||
| 541 |
_aد. أحمد حمد ؛ _cإهداء ؛ |
||
| 610 | 1 |
_aمصر. _bمحكمة النقض. _2BUEsh _940940 |
|
| 650 | 7 |
_aقانون الإجراءات الجنائية _zمصر. _2BUEsh _941140 |
|
| 651 | _2BUEsh | ||
| 653 |
_bLLAAWW _cFebruary2019 |
||
| 942 | _2ddc | ||